Κατάλογος Βιβλιοθηκών Mediterranean College

Διαμόρφωση και Μετάδοση Συστημάτων / Δεύτερη Έκδοση (Record no. 5183)

MARC details
000 -LEADER
fixed length control field 01338cam a22002054a 4500
005 - ΗΜΕΡΟΜΗΝΙΑ ΚΑΙ ΩΡΑ ΤΕΛΕΥΤΑΙΑΣ ΕΝΗΜΕΡΩΣΗΣ
Πεδίο ελέγχου 20250605164206.0
008 - FIXED-LENGTH DATA ELEMENTS--GENERAL INFORMATION
Πεδίο ελέγχου σταθερού μήκους 250528s ||||||||||||||||||||||||d
035 ## - SYSTEM CONTROL NUMBER
System control number 19945
020 ## - ISBN
ISBN 960418055
040 ## - ΠΗΓΗ ΚΑΤΑΛΟΓΟΓΡΑΦΗΣΗΣ
Φορέας πρωτότυπης καταλογογράφησης MC Athens Campus Library
Γλώσσα καταλογογράφησης Ελληνικά, Μοντέρνα (1453-)
Modifying agency MC Athens Campus Library
Κανόνες περιγραφικής καταλογογράφησης AACR2
245 1# - ΤΙΤΛΟΣ ΚΑΙ ΔΗΛΩΣΗ ΥΠΕΥΘΥΝΟΤΗΤΑΣ
Τίτλος Διαμόρφωση και Μετάδοση Συστημάτων / Δεύτερη Έκδοση
250 ## - EDITION STATEMENT
Edition statement
260 ## - PUBLICATION, DISTRIBUTION, ETC.
Name of publisher, distributor, etc. Τζιόλα,
Date of publication, distribution, etc. 2005
300 ## - PHYSICAL DESCRIPTION
Extent 530
520 ## - SUMMARY, ETC.
Summary, etc. Εισαγωγή, Διαμόρφωση Σημάτων, Σήματα και Συστήματα στο Πεδίο της Συχνότητας, Φασματική Περιγραφή Τυχαίων Σημάτων - Θόρυβος, Διαμόρφωση Πλάτους, Διαμόρφωση Γωνίας, Δειγματοληψία και Παλμοκωδική Διαμόρφωση, Διαμόρφωση από Ψηφιακά Σήματα, Συστήματα Επικοινωνιών, Μετάδοση Σημάτων, Γραμμές Μεταφοράς, Κυματοδηγοί, Κεραίες, Αλληλεπίδραση Κεραιών - Στοιχεοκεραίες, Βιβλιογραφία, Συντμήσεις, Ελληνοαγγλικό Λεξιλόγιο, Ευρετήριο.
700 1# - ΠΡΟΣΘΕΤΗ ΑΝΑΓΡΑΦΗ--ΦΥΣΙΚΟ ΠΡΟΣΩΠΟ
Personal name Κώττης Παναγιώτης Γ
9 (RLIN) 6101
942 ## - ADDED ENTRY ELEMENTS (KOHA)
Koha item type Books
Holdings
Τύπος τεκμηρίου Βιβλιοθήκη Τρέχουσα τοποθεσία Barcode Αριθμός εισαγωγής Ημερομηνία απόκτησης Ταξιθετικό σύμβολο Αριθμός αντιτύπου Κατάσταση απόσυρσης Κατάσταση χαμένου Κατάσταση κατεστραμμένου Μη δανεισμός Σύνολο δανεισμών Ημερομηνία τελευταίας εμφάνισης Η τιμή ισχύει από
Books MC Athens Campus Library MC Athens Campus Library 9780000051820 6152 05/06/2025 621.3822 KOT 1           05/06/2025 05/06/2025

MC Athens Campus Library
Πατησίων 94 & Κοδριγκτώνος 13, 104 34
Πελλήνης 8 & Πατησίων 107, 112 51
Τ: +30 210 8899600

MC Thessaloniki Campus Library
Ίωνος Δραγούμη 21, 54625 | Ίωνος Δραγούμη 15, 54625
Τ: +30 2310 287779 – Τ: +30 2314 440300